| 000 | 00707nam a2200229 u 4500 | ||
|---|---|---|---|
| 005 | 20210223132055.0 | ||
| 008 | 130509s2005 r 000 0 eng d | ||
| 020 | _a958301981X | ||
| 035 | _aUPN01000190975 | ||
| 049 | _aCG | ||
| 050 | 4 |
_aDT87.4 _bV3.2 |
|
| 100 | 1 |
_aValencia Villa, Jaime, _d1951- _934011 |
|
| 245 | 1 | 0 |
_aAkhenatón : _bfaraón iluminado / _cJaime Valencia Villa. |
| 260 |
_aBogotá : _bPanamericana, _c2005. |
||
| 300 |
_a121, [8] p. : _bil. col. |
||
| 440 | 0 | _aPersonajes | |
| 600 | 0 | 4 |
_aAKHENATON, _cREY DE EGIPTO _922252 |
| 651 | 4 |
_aEGIPTO - _xHISTORIA - _y18a. DINASTIA, ca. 1570-1320 A.C. _912121 |
|
| 650 | 4 |
_aFARAONES - _vBIOGRAFIA _912122 |
|
| 905 | _aLibro | ||
| 999 |
_c163078 _d163078 |
||